Statistics for Record transfers: AC Milan

Click here to take the quiz!

General Stats

  • This quiz has been taken 31 times
  • The average score is 12 of 20

Answer Stats

# Fee Season Position Left Player % Correct
142 Mill. €17/18Centre-BackJuventus FCLeonardo Bonucci
89%
1423 Mill. €99/00Centre-ForwardFC Dynamo KyivAndriy Shevchenko
86%
1124 Mill. €11/12Centre-ForwardFC BarcelonaZlatan Ibrahimović
82%
630,5 Mill. €02/03Centre-BackSS LazioAlessandro Nesta
79%
825 Mill. €08/09Attacking MidfieldFC BarcelonaRonaldinho
75%
436,15 Mill. €01/02Centre-ForwardJuventus FCFilippo Inzaghi
75%
338 Mill. €17/18Centre-ForwardFC PortoAndré Silva
75%
1522,5 Mill. €02/03Central MidfieldInter MilanClarence Seedorf
64%
1820 Mill. €12/13Centre-ForwardManchester City FCMario Balotelli
64%
242 Mill. €01/02Attacking MidfieldACF FiorentinaRui Costa
61%
730 Mill. €15/16Centre-ForwardSevilla FCCarlos Bacca
61%
1324 Mill. €07/08Centre-ForwardSC InternacionalAlexandre Pato
54%
535 Mill. €18/19Centre-BackJuventus FCMattia Caldara
54%
1720 Mill. €19/20Central MidfieldAtalanta BCFranck Kessié
54%
1224 Mill. €17/18Right-BackAtalanta BCAndrea Conti
50%
2020 Mill. €18/19Centre-ForwardACF FiorentinaNikola Kalinić
50%
1025 Mill. €15/16Centre-BackAS RomaAlessio Romagnoli
46%
1622 Mill. €17/18Left WingerBayer 04 LeverkusenHakan Çalhanoğlu
46%
925 Mill. €05/06Centre-ForwardParma ACAlberto Gilardino
46%
1920 Mill. €15/16Central MidfieldAS RomaAndrea Bertolacci
25%

Score Distribution

Percentile by Number Answered

Percent of People with Each Score

Your Score History

You have not taken this quiz